[Event "5th Pilsen Open 2013"]
[Site "Plzen CZE"]
[Date "2013.11.25"]
[Round "2"]
[White "Strebkovs,A"]
[Black "Vlk,Mil"]
[Result "1-0"]
[WhiteElo "2324"]
[BlackElo "2006"]

1.Nf3 d5 2.g3 c5 3.d4 cxd4 4.Nxd4 e5 5.Nb3 Nf6 6.Bg2 Be6 7.O-O Be7 8.N1d2 Nc6
9.Nf3 O-O 10.c3 h6 11.Be3 b6 12.h3 Qd7 13.Kh2 Rfd8 14.Ne1 Rac8 15.Nd3 Ne8
16.f4 Bf6 17.fxe5 Nxe5 18.Nxe5 Bxe5 19.Bf4 Bxf4 20.Rxf4 Rc4 21.Nd4 Nd6 22.Qd3 g5
23.Rf6 Ne4 24.Rxh6 Kg7 25.Rxe6 fxe6 26.Bxe4 Rxd4 27.Qxd4+  1-0

[Event "73rd ch-ITA"]
[Site "Rome ITA"]
[Date "2013.11.26"]
[Round "6.4"]
[White "Stella,A"]
[Black "Caprio,G"]
[Result "1-0"]
[WhiteElo "2454"]
[BlackElo "2418"]

1.Nf3 d5 2.g3 Bg4 3.Bg2 c6 4.c4 e6 5.cxd5 exd5 6.O-O Nf6 7.d3 Be7 8.h3 Bxf3
9.Bxf3 d4 10.Nd2 O-O 11.Nb3 Na6 12.Bd2 Bb4 13.a3 Bxd2 14.Qxd2 Qd7 15.Kg2 Rab8
16.Rfc1 Rfc8 17.Qf4  1-0

[Event "St Louis Classic GM 2013"]
[Site "Saint Louis USA"]
[Date "2013.11.26"]
[Round "4.3"]
[White "Bykhovsky,An ISR"]
[Black "Bartholomew,J"]
[Result "0-1"]
[WhiteElo "2502"]
[BlackElo "2425"]

1.Nf3 d5 2.g3 Nf6 3.Bg2 c6 4.O-O Bf5 5.c4 e6 6.d3 Be7 7.Qb3 Qc8 8.Nc3 h6
9.cxd5 exd5 10.e4 dxe4 11.dxe4 Be6 12.Qc2 c5 13.Bf4 O-O 14.Rad1 Nh5 15.Be3 Nd7
16.Nd5 Bd8 17.h3 Re8 18.g4 Bxd5 19.exd5 Nhf6 20.d6 b5 21.g5 hxg5 22.Nxg5 g6
23.Bxa8 Qxa8 24.Qb3 c4 25.Qxb5 Re5 26.Qa4 Bb6 27.Bf4 Rf5 28.Qxc4 Ne5 29.Qe2 Rxg5+
30.Bxg5 Nf3+ 31.Kh1 Nd4+ 32.f3 Nxe2 33.Bxf6 Ng3+ 34.Kg2 Nxf1 35.d7 Ne3+  0-1

[Event "St Louis Classic GM 2013"]
[Site "Saint Louis USA"]
[Date "2013.11.26"]
[Round "6.4"]
[White "Krush,I"]
[Black "Bartholomew,J"]
[Result "0-1"]
[WhiteElo "2502"]
[BlackElo "2425"]

1.Nf3 d5 2.g3 c6 3.Bg2 Bf5 4.d3 e6 5.Nbd2 Nf6 6.b3 Be7 7.Bb2 h6 8.e4 Bh7
9.O-O O-O 10.Re1 c5 11.Ne5 Nbd7 12.Qe2 Nxe5 13.Bxe5 Nd7 14.Bb2 Bf6 15.e5 Be7
16.f4 b5 17.c4 bxc4 18.dxc4 Nb6 19.cxd5 Nxd5 20.Nc4 Qc7 21.Ne3 Nxe3 22.Bxa8 Nc2
23.Bf3 Nxa1 24.Rxa1 Rd8 25.Rd1 Rxd1+ 26.Qxd1 c4 27.bxc4 Qxc4 28.a3 Be4 29.Be2 Qc6
30.Bd4 a5 31.a4 Bc2 32.Bb5 Qe4 33.Qd2 Bb4 34.Qe3 Qd5 35.h3 Qa2 36.Qf2 Qb1+
37.Qf1 Qb3 38.Kh2 Be4 39.Qc4 Qd1 40.Bg1 Qf3  0-1

[Event "World Teams 2013"]
[Site "Antalya TUR"]
[Date "2013.11.27"]
[Round "2.1"]
[White "Amin,B"]
[Black "Sargissian,G"]
[Result "1/2-1/2"]
[WhiteElo "2652"]
[BlackElo "2676"]

1.Nf3 d5 2.g3 c6 3.Bg2 Bg4 4.c4 e6 5.cxd5 Bxf3 6.Bxf3 cxd5 7.O-O Nc6 8.d3 Nf6
9.Nc3 Be7 10.a3 O-O 11.Bg2 Rc8 12.Bd2 a6 13.b4 b5 14.Rc1 Nd7 15.e4 dxe4 16.Nxe4 Nb6
17.Nc5 Bxc5 18.Rxc5 Nd5 19.Bxd5 exd5 20.Qh5 Ne7 21.Rxc8 Qxc8 22.Rc1 Qd7 23.Qe5 Nc6
24.Qc3 Rc8 25.Qc5 f6 26.h4 Kf7 27.Bf4 Ne7 28.Qe3 Rxc1+ 29.Qxc1 h5 30.Qd1 Kg6
31.Be3 Nc6 32.Qc2 Kf7 33.Kg2 Ne7 34.Bc5 Ng6 35.Qe2 Qf5 36.Bd4 Nf8 37.f3 Ne6
38.Bf2 g5 39.hxg5 Nxg5 40.g4 hxg4 41.fxg4 Qc8 42.Bh4 Nh7 43.Qf3 Kg6 44.Qe2 Nf8
45.Qf3 Qe6 46.Bf2 Nh7 47.Be3 Ng5 48.Qf4 Nf7 49.Bd4 Qe2+ 50.Kh1 Ne5 51.Qf5+ Kg7
52.g5 Qf3+ 53.Qxf3 Nxf3 54.Bxf6+ Kg6 55.Kg2 Nxg5 56.Bxg5 Kxg5 57.Kg3 Kf5
58.Kf3 d4  1/2-1/2

[Event "2nd Hyderabad GM Open 2013"]
[Site "Hyderabad IND"]
[Date "2013.11.27"]
[Round "4.3"]
[White "Pantsulaia,L"]
[Black "Arun Prasad,S"]
[Result "1-0"]
[WhiteElo "2595"]
[BlackElo "2529"]

1.Nf3 d5 2.g3 c6 3.Bg2 Nf6 4.c4 g6 5.b3 Bg7 6.Bb2 O-O 7.O-O Re8 8.d3 Nbd7
9.Nbd2 e5 10.cxd5 cxd5 11.Rc1 b6 12.b4 Bb7 13.Qb3 a5 14.a3 axb4 15.axb4 Bf8
16.e4 Bh6 17.h4 Bf8 18.Rfd1 h6 19.Nh2 dxe4 20.dxe4 b5 21.Nb1 Rc8 22.Nc3 Rc4
23.Ba3 Rd4 24.Nxb5 Rxd1+ 25.Rxd1 Qb6 26.Nc3 Nc5 27.Qc4 Ne6 28.Qb5 Qxb5 29.Nxb5 Bxe4
30.Ng4 Nxg4 31.Bxe4 Nf6 32.Bg2 Rb8 33.Bf1 Nd4 34.Nxd4 Rd8 35.Ra1 Rxd4 36.b5 Bxa3
37.Rxa3 Rb4 38.Ra7 Ne4 39.Rc7 Nd2 40.Be2 Rb2 41.Rc6 Nb3 42.Bc4 Na5 43.Rc8+ Kg7
44.Bf1 Rb4 45.Rc5 Kf6 46.b6 Nb3 47.Rb5 Rxb5 48.Bxb5 Na5 49.Ba6 Ke7 50.b7 Nc6
51.Kg2 Nb8 52.Bc4 f5 53.Kf3 g5 54.hxg5 hxg5 55.g4 fxg4+ 56.Kxg4 Kf6 57.Bd3 Nd7
58.Be4 Nb8 59.Kh5 Nd7 60.Kh6 Nb8 61.Kh7 Kf7 62.f3 Nd7 63.Bd5+ Kf6 64.Kg8 Kf5
65.Kf7 Kf4 66.Ke7 Nb8 67.Kd6  1-0

[Event "ch-IRI 2013"]
[Site "Tabriz IRI"]
[Date "2013.11.27"]
[Round "1.18"]
[White "Pooreraghian,M"]
[Black "Asgarizadeh,A"]
[Result "0-1"]
[WhiteElo "2076"]
[BlackElo "2267"]

1.Nf3 d5 2.g3 Nf6 3.Bg2 c6 4.b3 Bg4 5.Bb2 Nbd7 6.d3 e6 7.Nbd2 Bd6 8.O-O O-O
9.c4 h6 10.Re1 e5 11.h3 Be6 12.e4 dxe4 13.Nxe4 Nxe4 14.Rxe4 Qc7 15.Re2 Rfe8
16.Qe1 Bf5 17.Rd1 Bh7 18.d4 e4 19.Nh2 f5 20.c5 Bf8 21.f3 Nf6 22.fxe4 fxe4
23.Bc1 Rad8 24.Nf1 Qd7 25.b4 Bf5 26.Kh2 Bg6 27.Ne3 Bh5 28.g4 Bf7 29.Kh1 g6
30.Qh4 Bg7 31.Rf2 Qe7 32.Rdf1 Nh5 33.Qxe7 Ng3+ 34.Kg1 Rxe7 35.Rd1 Rxd4 36.Rxd4 Bxd4
37.Kh2 Be5 38.Kg1 Rd7 39.Rc2 h5 40.gxh5 gxh5 41.h4 Be6 42.Kf2 Rf7+ 43.Kg1 Rd7
44.Kf2 Rg7 45.Bb2 Rf7+ 46.Kg1 Bf4 47.Bc1 Kf8 48.a3 Bg4 49.Nxg4 Bxc1 50.Ne5 Be3+
51.Kh2 Rg7 52.Nc4 Bd4 53.Nd2 e3 54.Nf3 e2 55.Rc1 Bf2 56.Bh3 Ne4 57.Bf5 Nd2
58.Nxd2 Rg1  0-1

[Event "73rd ch-ITA"]
[Site "Rome ITA"]
[Date "2013.11.28"]
[Round "7.6"]
[White "Cocchi,A"]
[Black "Bruno,Fabi"]
[Result "1/2-1/2"]
[WhiteElo "2322"]
[BlackElo "2414"]

1.Nf3 d5 2.g3 c6 3.b3 Bg4 4.Bg2 Nd7 5.Bb2 Ngf6 6.c4 e6 7.O-O Bd6 8.d3 O-O
9.Nc3 Qe7 10.Qc2 Rfe8 11.Rfe1 Rac8 12.cxd5 cxd5 13.e3 Rc7 14.Qd2 a6 15.h3 Bxf3
16.Bxf3 Rec8 17.Rec1 Ba3 18.Ne2 Bxb2 19.Qxb2 Qb4 20.Rxc7 Rxc7 21.Rc1 Rxc1+
22.Nxc1 g5 23.Kf1 a5 24.Ke2 e5 25.Kd1 b6 26.a3 Qd6 27.b4 axb4 28.Qxb4 Qxb4
29.axb4 Kf8 30.Na2 Ke7 31.Nc3 Kd6 32.Kc2 Kc6 33.d4 exd4 34.exd4 Nf8 35.Kd3 Ne6
36.Ke3 Ng7 37.Kd3 Nf5 38.b5+ Kd6 39.Na4 Kc7 40.Nc3 Kd6 41.Na4 Kc7 42.Nc3 Ne7
43.Ke3 Kd6 44.Be2 Nf5+ 45.Kd3 h5 46.Bf3 h4 47.Ne2 Ke6 48.Bh1 hxg3 49.fxg3 Ke7
50.Bf3 Kd6 51.g4 Nh4 52.Ke3 Ng6 53.Nc3 Ne7 54.Be2 Ng6 55.Bf3 Nh4 56.Na4 Kc7
57.Nc3 Kd6 58.Na4  1/2-1/2

[Event "14th Puhajarve Rapid"]
[Site "Puhajarve EST"]
[Date "2013.11.29"]
[Round "4.6"]
[White "Sepp,O"]
[Black "Vorobjov,P"]
[Result "1-0"]
[WhiteElo "2440"]
[BlackElo "2207"]

1.Nf3 d5 2.g3 Nf6 3.Bg2 Bg4 4.O-O Nbd7 5.d3 e5 6.c4 c6 7.cxd5 cxd5 8.d4 Bxf3
9.exf3 Be7 10.dxe5 Nxe5 11.f4 Nc6 12.Nc3 d4 13.Nb5 d3 14.Be3 O-O 15.Rc1 a6
16.Bxc6 axb5 17.Bxb5 Rxa2 18.Qb3 Ra8 19.Bxd3 Nd5 20.Rfd1 Nxe3 21.Bxh7+ Kxh7
22.Rxd8 Raxd8 23.Qxe3 Bf6 24.b4 Rfe8 25.Qf3 Rd2 26.Qxb7 Ree2 27.Qxf7 Rd8  1-0

[Event "34th Crespi Trophy 2013"]
[Site "Milano ITA"]
[Date "2013.11.30"]
[Round "1.1"]
[White "Iudicello,G"]
[Black "Rusev,K"]
[Result "0-1"]
[WhiteElo "2134"]
[BlackElo "2539"]

1.Nf3 d5 2.g3 c6 3.Bg2 Bg4 4.d3 Nd7 5.Nbd2 e6 6.h3 Bh5 7.O-O Bd6 8.e4 Ne7
9.Qe1 O-O 10.Nh2 e5 11.g4 Bg6 12.Qe2 Nc5 13.h4 f6 14.h5 Bf7 15.Ndf3 Ne6 16.Nh4 a5
17.Be3 a4 18.a3 b5 19.Kh1 Qc7 20.Rg1 d4 21.Bd2 c5 22.Nf5 h6 23.Nf1 Rab8 24.N1g3 Kh7
25.Nxd6 Qxd6 26.Nf5 Qc7 27.Raf1 Nf4 28.Qf3 Nxf5 29.gxf5 Bxh5 30.Qg3 c4 31.Bf3 Be8
32.Bd1 c3 33.bxc3 dxc3 34.Bxc3 Rf7 35.Bb4 Rd7 36.Qh2 Bf7 37.Rg3 Ba2 38.Rfg1 Bb1
39.f3 Rc8 40.c3 Bxd3 41.Rg4 Bc4 42.Qg3 Bb3 43.Bxb3 axb3 44.Bd6 Nh5 45.Qh4 Qxd6
46.Qxh5 Qf8 47.f4 Rc5 48.fxe5 Rxe5 49.Rb1 Qxa3 50.Qg6+ Kh8 51.Rh4 Qe7 52.Rxb3 Rxe4
53.Rxe4 Qxe4+ 54.Kh2 Rd2+  0-1

[Event "5th Pilsen Open 2013"]
[Site "Plzen CZE"]
[Date "2013.11.30"]
[Round "7"]
[White "Strebkovs,A"]
[Black "Kojima,S"]
[Result "1-0"]
[WhiteElo "2324"]
[BlackElo "2364"]

1.Nf3 d5 2.g3 Nf6 3.d4 c6 4.Bg2 Bg4 5.O-O Nbd7 6.b3 e6 7.Bb2 Bd6 8.Nbd2 O-O
9.c4 Qe7 10.Ne5 Bh5 11.a3 a5 12.Re1 Bc7 13.Qc2 Rfd8 14.cxd5 exd5 15.e4 dxe4
16.Nxe4 Qf8 17.Nxd7 Nxd7 18.d5 cxd5 19.Ng5 Bg6 20.Qxc7 Ne5 21.Rad1 Nd3 22.Re2 h6
23.Nf3 Nxb2 24.Rxb2 Qxa3 25.Rbd2 Qxb3 26.Ne5 Re8 27.Qd7 Rad8 28.Bxd5 Rxd7
29.Bxb3 Rxd2 30.Rxd2 Kh7 31.Nxg6 fxg6 32.Ba4 Rc8 33.Rb2 Rc4 34.Be8 Rc8 35.Bb5 Rc7
36.h4 Kg8 37.Kf1 Kf7 38.Ke2 Ke6 39.Bd3 a4 40.Ra2  1-0

[Event "14th Puhajarve Rapid"]
[Site "Puhajarve EST"]
[Date "2013.11.30"]
[Round "11.2"]
[White "Viikmaa,Karmen"]
[Black "Nyback,T"]
[Result "0-1"]
[WhiteElo "1669"]
[BlackElo "2586"]

1.Nf3 d5 2.g3 c6 3.Bg2 Bg4 4.h3 Bh5 5.O-O Nd7 6.d3 e5 7.c4 dxc4 8.dxc4 Bc5
9.Nc3 Ngf6 10.Bg5 Bg6 11.Nh4 Qc7 12.Na4 Be7 13.Nc3 Nf8 14.a3 Ne6 15.Be3 O-O
16.Nxg6 hxg6 17.Qc2 Bc5 18.Bxc5 Nxc5 19.Rad1 Rad8 20.b4 Ne6 21.e3 Nh7 22.b5 f5
23.Qa4 e4 24.Rfe1 Nhg5 25.Qb3 Kh7 26.a4 Nc5 27.Qc2 Nd3 28.Re2 Ne5 29.g4 Nef3+
30.Bxf3 Nxf3+  0-1

[Event "14th Puhajarve Rapid"]
[Site "Puhajarve EST"]
[Date "2013.11.30"]
[Round "17.6"]
[White "Viikmaa,Karmen"]
[Black "Georgiev,Ki"]
[Result "0-1"]
[WhiteElo "1669"]
[BlackElo "2648"]

1.Nf3 d5 2.g3 Nf6 3.Bg2 g6 4.O-O Bg7 5.d3 O-O 6.Nbd2 Nc6 7.e4 e5 8.exd5 Nxd5
9.Re1 Re8 10.Nc4 Nb6 11.Bg5 f6 12.Nxb6 axb6 13.Bd2 Be6 14.a3 Qd7 15.Bc3 Rad8
16.Nd2 Bg4 17.Bf3 Bh3 18.Ne4 Ne7 19.Qe2 Nd5 20.Bd2 c6 21.Nc3 b5 22.Nxd5 cxd5
23.Bb4 f5 24.Bg2 Bxg2 25.Kxg2 e4 26.Rad1 Qc6 27.Kg1 Bxb2 28.dxe4 fxe4 29.c4 Bf6
30.cxd5 Rxd5 31.Rc1 Qe6 32.Rc7 b6 33.Rec1 Bd4 34.R7c6 Qf5 35.Rc7 e3 36.f4 Qe4
37.Rc8 Rdd8 38.Rxd8 Rxd8 39.Qa2+ Kg7 40.Rc7+ Kh6 41.Qf7 e2+  0-1

[Event "14th Puhajarve Rapid"]
[Site "Puhajarve EST"]
[Date "2013.11.30"]
[Round "22.2"]
[White "Sepp,O"]
[Black "Ladva,O"]
[Result "1/2-1/2"]
[WhiteElo "2440"]
[BlackElo "2335"]

1.Nf3 d5 2.g3 c6 3.Bg2 Bg4 4.d3 Nf6 5.O-O e6 6.c4 Nbd7 7.cxd5 cxd5 8.Nc3 Be7
9.Bd2 O-O 10.Rc1 a6 11.a3 Rc8 12.b4 b5 13.Nd4 Qb6 14.Nb3 d4 15.Ne4 Nxe4 16.Bxe4 e5
17.Re1 Be6 18.Na5 Nf6 19.Bb7 Rxc1 20.Qxc1 Bd5 21.Bxd5 Nxd5 22.Qc2 Nc3 23.Bxc3 Qc7
24.Rc1 Rc8 25.Qb3 dxc3 26.Rc2 h5 27.Qd5 Qd6 28.Qxd6 Bxd6 29.Kf1 f5 30.e4 fxe4
31.dxe4 Be7 32.Ke2 Bg5 33.h4 Bd2 34.Nb3 Bh6 35.Kd3 Rf8 36.Kxc3 Rf3+ 37.Kb2 g5
38.hxg5 Bxg5 39.Nc5 Bd8 40.Nxa6 Bb6 41.Nc5 Kf7 42.Rd2 Ke7 43.Rd7+ Ke8 44.Rd2 Ke7
45.Ka2 Bxc5 46.bxc5 Rc3 47.Rd5 Ke6 48.Kb2 Rc4 49.f4 Rxe4 50.Rxe5+ Rxe5 51.fxe5 Kxe5
52.Kb3 Kd5 53.Kb4 Kc6 54.Kc3 Kxc5 55.Kb3 Kc6 56.Kb4 Kb6 57.Kc3 Kc5 58.Kb3  1/2-1/2

[Event "14th Puhajarve Rapid"]
[Site "Puhajarve EST"]
[Date "2013.11.30"]
[Round "24.2"]
[White "Seeman,T"]
[Black "Ladva,O"]
[Result "1/2-1/2"]
[WhiteElo "2382"]
[BlackElo "2335"]

1.Nf3 d5 2.g3 c6 3.Bg2 Bg4 4.O-O Nf6 5.d3 e6 6.Nbd2 Be7 7.h3 Bh5 8.e4 O-O
9.Qe2 Na6 10.Re1 h6 11.e5 Nd7 12.g4 Bg6 13.Nf1 Nc7 14.Bf4 Re8 15.Ng3 f6 16.Qd2 fxe5
17.Nxe5 Nxe5 18.Bxe5 Bf6 19.d4 Nb5 20.b3 Nd6 21.f4 Bh4 22.Re3 Nf7 23.Kh2 Rf8
24.Rf1 Qd7 25.c3 a5 26.Qe2 a4 27.b4 Rae8 28.Nh5 Bxh5 29.gxh5 Nd6 30.Qg4 Nf5
31.Ref3 Qf7 32.Rg1 Bd8 33.Bf1 Bf6 34.Bd3 Kh8 35.Bxf5 exf5 36.Qg6 Qxg6 37.Rxg6 Rf7
38.Kg2 Kh7 39.Re3 b5 40.Kf3 Re6 41.Re2 Re8 42.Reg2 Ree7 43.Rg1 Re6 44.R1g2 Ree7
45.Rg1 Re6 46.R1g2 Ree7  1/2-1/2

[Event "Pushchino Autumn 2013"]
[Site "Pushchino RUS"]
[Date "2013.11.30"]
[Round "7.8"]
[White "Baraeva,M"]
[Black "Usacheva,Glafira"]
[Result "1-0"]
[WhiteElo "2136"]
[BlackElo "1528"]

1.Nf3 d5 2.g3 c6 3.Bg2 Bg4 4.d3 Nf6 5.O-O e6 6.Nbd2 Bd6 7.c3 O-O 8.h3 Bf5
9.Re1 Bg6 10.e4 e5 11.exd5 cxd5 12.Nxe5 Bxe5 13.Rxe5 Bxd3 14.Qb3 Nc6 15.Re1 Na5
16.Qa4 Bf5 17.Nf3 Nc6 18.Be3 Qc7 19.Rad1 Qa5 20.Qb3 Qc7 21.Bg5 Na5 22.Qb4 Nc6
23.Qh4 Ne4 24.Rxd5 Bg6 25.Rxe4 Bxe4 26.Qxe4 Rfe8 27.Qd3 Qb6 28.b3 Rac8 29.Be3 Qc7
30.Rd7 Qa5 31.Ng5 g6 32.Nxf7 Ne5 33.Nxe5 Qxe5 34.Bd5+  1-0

[Event "Cultural Village 2013"]
[Site "Wijk aan Zee NED"]
[Date "2013.11.30"]
[Round "1.4"]
[White "Van Delft,M"]
[Black "Pijpers,A"]
[Result "1/2-1/2"]
[WhiteElo "2424"]
[BlackElo "2366"]

1.Nf3 d5 2.g3 Bg4 3.Bg2 Nd7 4.O-O Ngf6 5.d3 e5 6.c4 c6 7.cxd5 cxd5 8.d4 e4
9.Ne5 Be6 10.Nxd7 Qxd7 11.Bg5 Be7 12.Nc3 O-O 13.Qa4 Qxa4 14.Nxa4 Rfc8 15.Rfc1 Kf8
16.Nc5 Ne8 17.Nxe6+ fxe6 18.Rxc8 Rxc8 19.Rc1 Rxc1+ 20.Bxc1 Bf6 21.e3 e5 22.dxe5 Bxe5
23.f3 Nd6 24.fxe4 Nxe4 25.Kf1 Ke7 26.Ke2 Kd6 27.Kd3 Nf2+ 28.Ke2 Ne4 29.Kd3 Nf2+  1/2-1/2

[Event "9th Ugra Governor's Cup"]
[Site "Khanty-Mansiysk RUS"]
[Date "2013.12.01"]
[Round "4.19"]
[White "Onischuk,V"]
[Black "Goryachkina,A"]
[Result "1-0"]
[WhiteElo "2591"]
[BlackElo "2438"]

1.Nf3 d5 2.g3 c6 3.Bg2 Bg4 4.b3 Nd7 5.Bb2 Ngf6 6.O-O e6 7.d3 Bd6 8.Nbd2 O-O
9.h3 Bh5 10.e4 e5 11.Qe1 Re8 12.Nh4 Nf8 13.a3 Bc7 14.b4 dxe4 15.dxe4 N6d7
16.Nf5 f6 17.Bf3 Bf7 18.Qe2 Nb6 19.Rad1 Qb8 20.Bg2 Kh8 21.Qg4 Bg6 22.h4 Qc8
23.h5 Bxf5 24.exf5 h6 25.c4 a5 26.c5 Na4 27.Ba1 axb4 28.axb4 Rd8 29.Nc4 Rxd1
30.Rxd1 Qe8 31.Qe2 Ra7 32.Be4 Qa8 33.Qe1 b6 34.Kg2 Qc8 35.Nd6 Bxd6 36.cxd6 Qd7
37.Qe2 b5 38.Qc2 Ra6 39.f3 Nh7 40.f4 exf4 41.gxf4 Nf8 42.Kg3 Kh7 43.Bf3 Kh8
44.Qe4 Nb6 45.Qxc6 Qxf5 46.Bd4  1-0

[Event "34th Crespi Trophy 2013"]
[Site "Milano ITA"]
[Date "2013.12.01"]
[Round "2.7"]
[White "Brociner,Beniamino"]
[Black "Sanchez,Joseph"]
[Result "1/2-1/2"]
[WhiteElo "2072"]
[BlackElo "2529"]

1.Nf3 d5 2.g3 Nf6 3.Bg2 c6 4.c4 dxc4 5.Qc2 Qd5 6.b3 g6 7.Nc3 cxb3 8.axb3 Qd8
9.O-O Bg7 10.Bb2 O-O 11.e4 Na6 12.d4 Nb4 13.Qd2 Bg4 14.Ne5 Be6 15.Na4 Na6
16.Qc2 Qc8 17.Rfd1 Bh3 18.Bh1 Qc7 19.Qe2 Nd7 20.Nd3 e5 21.Rac1 exd4 22.Nf4 Be6
23.Nxe6 fxe6 24.Bxd4 Bxd4 25.Rxd4 e5 26.Rd2 Rad8 27.b4 b5 28.Nc3 Qb6 29.Rcd1 Nab8
30.Rd6 Kh8 31.Nd5 Qb7 32.Ne7 Rde8 33.Nxc6 Nxc6 34.Rxd7 Qc8 35.Qd2 Nd4 36.Rxd4 exd4
37.Qxd4+ Kg8 38.e5 Qd8 39.Bd5+ Kh8 40.e6+ Qf6 41.Qxa7 Re7 42.Qc5 Rd8 43.Re1 Ree8
44.Qxb5 Rc8 45.Qe2 Qf5 46.Qe5+ Qxe5 47.Rxe5 Kg7 48.Kg2 Kf6 49.Re4 Ke7 50.b5 Kd6
51.Bc6 Rxe6 52.Rxe6+ Kxe6 53.h4 Kd6 54.Bf3 Kc5 55.Bc6 Rd8 56.Kf3 Rd4 57.Kg2 Rb4
58.f3 Kd4 59.g4 Ke3 60.Kg3 Rb1 61.f4 Rg1+ 62.Bg2 Rb1 63.Bc6 Rf1 64.f5 gxf5
65.gxf5 Rxf5 66.b6 h5 67.b7 Rf8 68.Bd5 Rb8 69.Bf7 Rxb7 70.Bxh5 Rg7+ 71.Bg4 Ke4
72.h5 Ke5 73.Kf3 Ra7 74.Ke3 Ra3+ 75.Kd2 Rg3 76.Bd1 Kd4 77.Kc2 Rg1 78.Bf3 Ke3
79.Bd5 Rg7 80.h6 Rh7 81.Kb2 Kd4 82.Ba2 Rxh6 83.Ka1 Kc3 84.Bb1 Rh2 85.Ba2 Rb2
86.Be6 Rb6 87.Bf7 Ra6+ 88.Ba2 Kb4 89.Kb2 Ra8 90.Bb1 Ra7 91.Ba2 Rh7 92.Bb1 Rh2+
93.Ka1 Kb3 94.Bf5 Ra2+ 95.Kb1 Rf2 96.Be6+ Kc3 97.Bg8 Rf8 98.Be6 Rf1+ 99.Ka2 Rf6
100.Bg8 Rb6 101.Ka1 Ra6+ 102.Ba2 Ra5 103.Kb1 Kb4 104.Kb2 Rg5 105.Bb1 Rg2+
106.Ka1 Kb3 107.Bf5 Ra2+ 108.Kb1 Ra6 109.Bc2+ Kc3 110.Bf5 Rf6 111.Bh7 Rf8
112.Be4 Rd8 113.Bf5 Rd1+ 114.Ka2 Re1 115.Bg6 Re7 116.Bf5 Re2+ 117.Ka1 Re5
118.Bg6 Re7 119.Bf5 Kb3 120.Bg6 Re1+ 121.Bb1 Re2 122.Bg6 Ra2+ 123.Kb1 Rf2
124.Ka1 Rf6 125.Bh7 Rf8 126.Be4 Rd8 127.Bg6 Ra8+ 128.Kb1 Rf8 129.Bc2+ Kc3
130.Be4 Kd4  1/2-1/2

[Event "73rd ch-ITA"]
[Site "Rome ITA"]
[Date "2013.12.02"]
[Round "11.4"]
[White "Cocchi,A"]
[Black "Rombaldoni,D"]
[Result "0-1"]
[WhiteElo "2322"]
[BlackElo "2462"]

1.Nf3 d5 2.g3 Nc6 3.c4 d4 4.Bg2 e5 5.d3 Bb4+ 6.Bd2 a5 7.O-O Nf6 8.Na3 O-O
9.Nb5 Nd7 10.Bxb4 Nxb4 11.Qd2 Re8 12.a3 Na6 13.b4 Nf6 14.e3 c6 15.exd4 e4
16.dxe4 Nxe4 17.Qf4 cxb5 18.Rfe1 Nf6 19.cxb5 Nc7 20.Rxe8+ Ncxe8 21.bxa5 Qxa5
22.a4 Qb4 23.Ne5 Rxa4 24.Rd1 Qxb5 25.g4 Be6 26.g5 Nd7 27.Ng4 Bxg4 28.Qxg4 Nf8
29.Qc8 Qe2 30.Qc1 Ra2 31.Rf1 g6 32.Qf4 Ne6 33.Qg3 Nxd4 34.Bxb7 Qe7  0-1

[Event "9th Ugra Governor's Cup B"]
[Site "Khanty-Mansiysk RUS"]
[Date "2013.12.03"]
[Round "6"]
[White "Beletsky,A"]
[Black "Gorbatov,A"]
[Result "0-1"]
[WhiteElo "2330"]
[BlackElo "2360"]

1.Nf3 d5 2.g3 Nc6 3.d4 Bg4 4.Bg2 Qd7 5.Ne5 Nxe5 6.dxe5 c6 7.Nd2 f6 8.exf6 gxf6
9.h3 Bh5 10.c4 d4 11.f4 Bf7 12.Qc2 h5 13.Be4 Nh6 14.f5 Rg8 15.Nf1 e6 16.Bf4 Bb4+
17.Nd2 Nxf5 18.Bxf5 exf5 19.O-O-O Qe6 20.Nf3 Qxc4 21.Qxc4 Bxc4 22.Nxd4 O-O-O
23.a3 Bc5 24.Nxf5 Bxe2 25.Nd6+ Bxd6 26.Rxd6 Rxd6 27.Bxd6 Kd7 28.Bf4 Bc4 29.Re1 Bd5
30.Kd2 a5 31.Kc3 Ra8 32.Re3 c5 33.a4 Ra6 34.g4 hxg4 35.hxg4 Rb6 36.Bh6 Rb4
37.Rd3 Kc6 38.g5 fxg5 39.Bxg5 Rxa4 40.Rh3 Rg4 41.Rh6+ Kb5 42.Be7 Rg3+ 43.Kd2 Rg2+
44.Kc3 Be4 45.Bd8 Bg6 46.Bf6 a4  0-1

[Event "ch-IRI 2013"]
[Site "Tabriz IRI"]
[Date "2013.12.04"]
[Round "10.6"]
[White "Darban,M"]
[Black "Noroozi,O"]
[Result "0-1"]
[WhiteElo "2371"]
[BlackElo "2372"]

1.Nf3 d5 2.g3 Nf6 3.Bg2 c6 4.O-O Bg4 5.d3 Nbd7 6.Nbd2 e6 7.b3 Be7 8.Bb2 O-O
9.h3 Bh5 10.e4 Ne8 11.Qe1 a5 12.a3 Nc7 13.Kh1 f5 14.Ne5 Bf6 15.Nxd7 Qxd7
16.Bxf6 Rxf6 17.e5 Rff8 18.Kh2 Qe7 19.Bf3 Bg6 20.a4 Qc5 21.Ra2 f4 22.g4 Na6
23.Qc1 Nb4 24.Rb2 b5 25.Nb1 Rab8 26.Kg2 bxa4 27.bxa4 Nxd3 28.Rxb8 Nxc1 29.Rxf8+ Kxf8
30.Rxc1  0-1

[Event "World Teams 2013"]
[Site "Antalya TUR"]
[Date "2013.12.05"]
[Round "9.4"]
[White "Wang Yue"]
[Black "Esen,B"]
[Result "1-0"]
[WhiteElo "2725"]
[BlackElo "2565"]

1.Nf3 d5 2.g3 g6 3.Bg2 Bg7 4.d4 Nf6 5.c4 dxc4 6.Qa4+ Nfd7 7.Nbd2 a6 8.Qxc4 Nc6
9.Nb3 a5 10.Be3 a4 11.Nc5 Nxc5 12.Qxc5 Qd6 13.Rc1 Be6 14.a3 Bd5 15.Bf4 Qxc5
16.Rxc5 e6 17.e3 Kd7 18.O-O Ra5 19.Rfc1 Rha8 20.R5c2 h6 21.h4 R8a6 22.g4 Rb6
23.Nd2 Bxg2 24.Kxg2 Rab5 25.Ne4 Ra5 26.Nc5+ Kc8 27.Nd3 h5 28.gxh5 Rxh5 29.Rc4 Ra5
30.R1c2 Bf6 31.Bg3 Be7 32.Ne5 Rab5 33.Nxf7 Rxb2 34.Rxb2 Rxb2 35.Nh8 Ra2 36.Nxg6 Bxa3
37.h5 Kd7 38.h6  1-0

[Event "IV JAHV McGregor 2013"]
[Site "Bogota COL"]
[Date "2013.12.05"]
[Round "2.37"]
[White "Jimenez,JoseM"]
[Black "Gomez V,Duvan Leandro"]
[Result "1-0"]
[WhiteElo "2184"]
[BlackElo "1909"]

1.Nf3 d5 2.g3 Nf6 3.Bg2 g6 4.O-O Bg7 5.c4 d4 6.b4 a5 7.Bb2 d3 8.b5 Bg4 9.exd3 Qxd3
10.Qb3 Bf5 11.Ne5 Qxb3 12.axb3 Nfd7 13.d4 c6 14.bxc6 Nxe5 15.cxb7 Ra7 16.dxe5 Nd7
17.f4 O-O 18.Na3 Nc5 19.Nb5 Nxb3 20.Ra3 a4 21.Bd4 Nxd4  1-0

[Event "19th Navalmoral Open"]
[Site "Navalmoral ESP"]
[Date "2013.12.05"]
[Round "1.2"]
[White "Guerreiro,N"]
[Black "Grigoryan,K2"]
[Result "0-1"]
[WhiteElo "2179"]
[BlackElo "2604"]

1.Nf3 d5 2.g3 Bg4 3.Bg2 Nd7 4.c4 e6 5.Nc3 c6 6.cxd5 exd5 7.O-O Ngf6 8.d3 Bd6
9.Rb1 O-O 10.Nd4 Be5 11.Nc2 d4 12.Ne4 Nxe4 13.dxe4 c5 14.f4 Bc7 15.b4 Bb6
16.Kh1 Rc8 17.h3 Be6 18.bxc5 Nxc5 19.Nb4 Bc4 20.Ba3 Re8 21.Qc2 Nxe4 22.Bxe4 Bd5
23.Nxd5 Rxc2 24.Ne7+ Rxe7 25.Bxe7 Qc8 26.g4 Rxe2 27.Rbc1 Qd7 28.Rfe1 d3 29.Bb4 Rxe1+
30.Rxe1 d2 31.Rd1 Qd4  0-1

[Event "Porec Open 2013"]
[Site "Porec CRO"]
[Date "2013.12.05"]
[Round "1.1"]
[White "Orak,T"]
[Black "Jovanic,O"]
[Result "0-1"]
[WhiteElo "1997"]
[BlackElo "2519"]

1.Nf3 d5 2.g3 Nf6 3.Bg2 c6 4.d3 Bf5 5.b3 e6 6.Bb2 h6 7.Nbd2 a5 8.a3 Be7 9.O-O Bh7
10.c4 O-O 11.Ne5 Qb6 12.d4 Rd8 13.e3 Nbd7 14.c5 Qc7 15.Nxd7 Nxd7 16.b4 e5
17.dxe5 Nxe5 18.Bd4 Bd3 19.Re1 Ba6 20.Qb3 Bf6 21.Qc3 Qe7 22.Nf3 Nd7 23.Bh3 Re8
24.Bf1 Bxf1 25.Rxf1 Qe4 26.Nd2 Qf5 27.Bxf6 Nxf6 28.f3 d4 29.Qxd4 Rad8 30.Qb2 Rxe3
31.Nc4 Rxf3 32.Nd6 Qd3 33.Rxf3 Qxf3 34.Rf1 Qe3+ 35.Kg2 axb4 36.axb4 Rd7 37.Rf3 Qe6
38.Rf2 Qd5+ 39.Kh3 Qh5+ 40.Kg2 Ng4 41.Re2 Re7 42.h3 Qd5+  0-1

[Event "ch-IRI 2013"]
[Site "Tabriz IRI"]
[Date "2013.12.05"]
[Round "11.3"]
[White "Golizadeh,A"]
[Black "Pourramezanali,A"]
[Result "1-0"]
[WhiteElo "2500"]
[BlackElo "2458"]

1.Nf3 d5 2.g3 g6 3.Bg2 Bg7 4.d4 Nf6 5.c4 dxc4 6.Na3 c3 7.bxc3 O-O 8.O-O c5
9.Ne5 Nbd7 10.f4 Nxe5 11.dxe5 Qc7 12.Be3 Be6 13.Qa4 Nd7 14.Rab1 Nb6 15.Qa5 Rfc8
16.Rfd1 f6 17.exf6 Bxf6 18.Bf2 Bf7 19.Bf3 e5 20.Nb5 Qe7 21.Nd6 e4 22.Nxe4 Nc4
23.Qa4 Rab8 24.Rd7 Qe6 25.Rxf7 Kxf7 26.Qxc4 Qxc4 27.Nd6+ Ke7 28.Nxc4 Bxc3
29.Rxb7+ Rxb7 30.Bxb7 Rb8 31.Bxc5+ Ke6 32.Bf3  1-0

[Event "TCh-AUT 1st Bundesliga 2013-14"]
[Site "Jenbach AUT"]
[Date "2013.12.06"]
[Round "1.4"]
[White "Kunin,V"]
[Black "Rogic,D"]
[Result "1-0"]
[WhiteElo "2552"]
[BlackElo "2566"]

1.Nf3 d5 2.g3 c6 3.Bg2 Bg4 4.O-O Nd7 5.d4 e6 6.Nbd2 f5 7.c4 Bd6 8.b3 Ngf6
9.Bb2 Qb8 10.Qc1 O-O 11.Ba3 Re8 12.Bxd6 Qxd6 13.Qb2 Rad8 14.e3 b6 15.Ne5 Bh5
16.Rac1 c5 17.cxd5 exd5 18.Nxd7 Nxd7 19.Bf3 Bf7 20.Rfd1 Qf6 21.Nb1 Nb8 22.Qc3 c4
23.bxc4 dxc4 24.Na3 a6 25.Nxc4 b5 26.Na5 Bxa2 27.d5 Nd7 28.Nc6 Ne5 29.Bg2 Rd6
30.Qa3 Bc4 31.Qxa6 Nd3 32.Rb1 f4 33.exf4 Nxf4 34.gxf4 Qxf4 35.Qa7 Qg5 36.Re1 Rf8
37.Qe3 Qh5 38.Qe5 Qh6 39.Ne7+  1-0

[Event "9th Ugra Governor's Cup B"]
[Site "Khanty-Mansiysk RUS"]
[Date "2013.12.06"]
[Round "9"]
[White "Beletsky,A"]
[Black "Papayan,O"]
[Result "1-0"]
[WhiteElo "2330"]
[BlackElo "2245"]

1.Nf3 d5 2.g3 c6 3.c4 e6 4.Qc2 f5 5.Bg2 Nf6 6.b3 Bd6 7.Bb2 O-O 8.O-O Qe7
9.Be5 Nbd7 10.Bxd6 Qxd6 11.d4 Ne4 12.Nbd2 b6 13.Rfc1 Bb7 14.e3 c5 15.dxc5 bxc5
16.Rd1 Qe7 17.Qb2 Qf6 18.Qxf6 Rxf6 19.Rac1 Rc8 20.cxd5 exd5 21.Bh3 Nd6 22.Ne1 g5
23.Bg2 Kg7 24.Nb1 Ne4 25.g4 Nb6 26.gxf5 h5 27.Nf3 c4 28.Ne5 Rxf5 29.Bxe4 Rxe5
30.Bg2 a5 31.Nc3 Kf6 32.Nb5 Ba6 33.Nd4 g4 34.Bf1 h4 35.Ne2 cxb3 36.axb3 Bxe2
37.Bxe2 g3 38.Rxc8 Nxc8 39.Rd4 Nd6 40.Rxh4 Nf5 41.Rf4 gxf2+ 42.Kxf2 Kg5 43.h4+ Kh6
44.Ra4 Rxe3 45.Rxa5 Rxb3 46.Rxd5 Ng7 47.Rd6+ Kh7 48.Bd3+  1-0